000 00497nam a2200181Ia 4500
008 100917s9999 xx 000 0 und d
082 _b52004
100 _aकेळकर ग. म.
245 _aयुध्दकथा
260 _bशक्ती प्रकाशन
_c1981
300 _a94
365 _b9
520 _aबालविभाग
630 _aयुध्दकथा
650 _aबालविभाग
730 _aयुध्दकथा
942 _cBOOK
999 _c657398
_d657395